| 000 | 00717nam a22001937a 4500 | ||
|---|---|---|---|
| 003 | OSt | ||
| 005 | 20240909140434.0 | ||
| 008 | 240909b ||||| |||| 00| 0 eng d | ||
| 040 | _cAIMIT LIBRARY | ||
| 100 |
_aN, Shashank. _e2216182 _9178961 |
||
| 245 |
_aImpact of workingcapital management on profitability: _bstudy of selected listed electronics system and design manufacturing companies in india / _cBy Shashank N ; Guided by Divya Pereira. |
||
| 260 |
_aMysore ; _c2024. |
||
| 650 |
_aLiterature review _9178962 |
||
| 650 |
_aResearch methodology _9178963 |
||
| 650 |
_aData analysis and interpretation _9178964 |
||
| 700 |
_aPereira, Divya. _eGuide _9178965 |
||
| 856 | _3Kaynes technology | ||
| 942 |
_2ddc _cPRO |
||
| 999 |
_c231786 _d231786 |
||